[Event "EU-chT (Men) 21st"]
[Site "Heraklion"]
[Date "2017.10.31"]
[Round "4.4"]
[White "Almasi, Zoltan"]
[Black "Dubov, Daniil"]
[Result "1/2-1/2"]
[WhiteElo "2707"]
[BlackElo "2677"]
[Annotator "Mekhitarian,K"]
[PlyCount "139"]
[EventDate "2017.10.28"]
[EventType "team-swiss"]
[EventRounds "9"]
[EventCountry "GRE"]
[SourceTitle "CBM 182"]
[Source "ChessBase"]
[SourceDate "2018.01.17"]
[SourceVersion "1"]
[SourceVersionDate "2018.01.17"]
[SourceQuality "1"]
[WhiteTeam "Hungary"]
[BlackTeam "Russia"]
[WhiteTeamCountry "HUN"]
[BlackTeamCountry "RUS"]

1. Nf3 g6 2. c4 Bg7 3. g3 c5 4. Bg2 Nc6 5. Nc3 d6 6. O-O e6 7. b3 Nge7 8. Bb2
O-O 9. e3 b6 10. d4 Bb7 11. Qd2 cxd4 (11... Rb8 {was previously played:} 12.
Rad1 cxd4 13. exd4 d5 14. cxd5 Nxd5 15. Nxd5 exd5 16. Ne5 Qd6 17. Rfe1 $14 {
1-0 (38) Ostmoe,G (2458)-Tari,A (2521) Norway 2016, when White enjoys a tiny
advantage.}) 12. Nxd4 (12. exd4 {was more ambitious} d5 13. cxd5 Nxd5 14. Nxd5
exd5 (14... Qxd5 $2 15. Ne5 Qd6 16. Qf4 $3 $16 {threatening both Nxc6 and Nxg6.
}) 15. Ne5 $14 {similar to the game mentioned above}) 12... d5 $1 {Now Black
fully equalises.} 13. Nxc6 Bxc6 14. cxd5 Nxd5 15. Nxd5 Bxd5 16. Bxd5 Bxb2 17.
Qxb2 Qxd5 {It may look like both players will soon be agreeing to a draw -
that's not really the case!} 18. Rad1 Qf3 (18... Qc6 {should be perfectly fine
as well, Black is fighting for the d-file on the next move:} 19. h4 Rad8 20. h5
Rxd1 21. Rxd1 Qf3 $1 $11) 19. Rd7 Rfd8 {A nice way to solve all the problems
by active play.} 20. Qd2 Rxd7 21. Qxd7 Qe2 $1 {Creating counterplay on a2, now
Black sacrifices a pawn.} 22. Qb7 Rd8 23. Qxa7 Rd2 24. Qxb6 Rxa2 {White wins a
pawn, after all the exchanges but there is little reason to be excited, Black
is fully activated and soon will attack the b3-pawn.} 25. Qb8+ (25. Qd8+ Kg7
26. Qd4+ Kg8 27. Qd1 Qb2 $1 {and White can never force the queen exchange
under good conditions:} 28. h4 h5 $11 {to avoid any sort of h5-h6 ideas.})
25... Kg7 26. Qe5+ Kg8 27. Qb8+ Kg7 28. Qe5+ Kg8 29. Qf4 Qd2 $1 {Stopping Rc1
that could create annoying threats against the black king.} 30. h4 (30. g4 $5 {
is simply not in time. Black will quickly collect the pawn on b3, and with
this move, White's king is permanently more exposed than before:} Rb2 31. Ra1
Rxb3 32. Ra8+ (32. Ra7 Rb1+ 33. Kg2 Qd5+ 34. e4 e5 35. exd5 exf4 36. Kf3 Rb4
37. d6 Rd4 38. d7 Kg7 39. g5 h6 $11) 32... Kg7 33. Qe5+ Kh6 $11 {requires some
courage, but Black is fine!}) 30... h5 31. b4 (31. g4 {wouldn't help much
either:} hxg4 32. Qxg4 Ra5 $1 {controlling the h5-square and planning to bring
the rook to f5. White may easily get into a worse position if he pushes too
far.}) 31... Kg7 32. Qe5+ Kg8 33. Qf4 Kg7 34. Rb1 Qc2 35. Qd4+ {Gaining the
d4-square, but on the other hand forcing the rook to go back to f1 once again.}
Kg8 36. Rf1 {There are many decent moves for Black here.} Qb2 (36... Qe2 $5) (
36... Rb2 $5) 37. Qf4 Ra4 $2 {This puts some fire in the game.} (37... Kg7 38.
Rd1 e5 39. Qf3 Qxb4 $11) (37... Qd2 {was probably more practical and would be
nearly a repetition of the 33th move position (with the difference that the
black king is on g8 now, something that doesn't change much)} 38. b5 Rb2 39.
Ra1 Rxb5 40. Ra8+ Kg7 $11) 38. Rd1 $1 Rxb4 39. Rd8+ Kg7 40. Qd6 $1 {Starting a
bizarre king hunt - Dubov probably missed that White is able to create an
attack and at the same time hide his king and avoid the exchange of queens.}
Kf6 $2 {This loses on the spot.} (40... Kh7 $1 41. Qf8 Rb7 42. Qg8+ Kh6 {
threatening ...Qg7 to force a draw} 43. Rd4 {White wants to checkmate on h8
now!} f5 {miraculously, Black survives after this forced move} 44. Qh8+ Rh7 45.
Qf8+ Rg7 46. Rd7 Kh7 $1 47. Re7 Rxe7 48. Qxe7+ Qg7 49. Qxe6 $16 {with a long
endgame, Black has excellent drawing chances.}) (40... Rb7 $1 {would transpose
to the 40...Kh7 line.}) 41. Qf8 $2 (41. Ra8 $1 {threatening Qd8+ followed by
Ra5, Black is defenceless. For example:} Rb5 (41... Kf5 42. Ra7 Kf6 43. Qc7 $1
$18) 42. Qd8+ Kf5 43. Ra4 $1 {mate with Qg5 is threatened now} Rb4 (43... e5
44. e4+ $1 Ke6 (44... Kg4 45. Qd7+ Kf3 46. Qd1+ Qe2 47. Ra3+ $18) 45. Ra6+ $18)
44. Qg5+ Ke4 45. Rxb4+ Qxb4 46. Qf4+ $18 {winning}) (41. Rc8 $1 {also wins in
similar fashion}) 41... Qc1+ 42. Kh2 Rb1 $1 {Now Black is doing the same, and
his king is suddenly safe! The main difference here is that the white rook
doesn't take part in the attack effectively (as it does in the 41.Ra8! line)
and the black king now runs to e2.} 43. Qh8+ Kf5 44. g4+ {Forced to avoid
checkmate.} Kxg4 $1 {Dubov wants to win now.} 45. Rd4+ {The rook joins the
party, but the black king finds a nice shelter on e2.} Kf3 46. Qa8+ Ke2 47. Rf4
Qg1+ 48. Kh3 Qf1+ (48... Qh1+ {wouldn't be enough for a win} 49. Qxh1 Rxh1+ 50.
Kg2 e5 {trying to take on h4} 51. Ra4 $11 {and this is a technical draw.}) 49.
Kh2 (49. Qg2 $11 {was good enough.}) 49... Qg1+ 50. Kh3 Qh1+ {Dubov has to go
for it, otherwise his king once again may run into deadly threats.} 51. Qxh1
Rxh1+ 52. Kg2 e5 53. Ra4 $11 {As the 48th move analysis shows - White has
enough counterplay against the black pawns to guarantee the draw.} (53. Rxf7 $2
Rxh4 $19 {with a clear win in the endgame.}) 53... Rd1 54. Ra7 f5 55. Ra5 Rc1
56. Rxe5 Rf1 57. f4 Rf2+ 58. Kg3 Rf3+ 59. Kg2 Rxe3 60. Ra5 {Black can not make
any progress.} Re4 (60... Kd3 61. Ra6 Ke4 62. Rxg6 Kxf4 63. Rg5 $11) 61. Kg3
Kf1 62. Kf3 Re1 63. Ra2 Rb1 {Threatening a very discreet checkmate on b3.} 64.
Rf2+ Kg1 65. Rg2+ Kf1 66. Rf2+ Ke1 67. Re2+ Kd1 68. Re6 Rb3+ 69. Kg2 Rb2+ 70.
Kg3 {And a draw was agreed.} 1/2-1/2

[Event "London Classic 8th"]
[Site "London"]
[Date "2016.12.18"]
[Round "9"]
[White "Aronian, Levon"]
[Black "Topalov, Veselin"]
[Result "0-1"]
[WhiteElo "2785"]
[BlackElo "2760"]
[Annotator "Mekhitarian,K"]
[PlyCount "106"]
[EventDate "2016.12.09"]
[EventType "tourn"]
[EventRounds "9"]
[EventCountry "ENG"]
[EventCategory "22"]
[SourceTitle "CBM 176"]
[Source "ChessBase"]
[SourceDate "2017.01.17"]
[SourceVersion "1"]
[SourceVersionDate "2017.01.17"]
[SourceQuality "1"]

{The London Chess Classic was the last tournament of the Grand Chess Tour and
before the last round in London we already had a winner of the circuit - the
amazing Wesley So, who had a great 2016. But in the game between Levon Aronian
and Veselin Topalov, which I am discussing here, there also was a lot at stake:
Aronian had the chance to finish third in the GCT, whereas Topalov before this
game had 1.0/8 - a disastrous result after playing fighting chess throughout
the tournament. However, he did not plan to change his style to cut losses. He
repeatedly said in London that he was playing interesting chess and was trying
to have fun in all his games. After all, his creative play led to amazing
positions though Topalov failed to capitalize them.} 1. c4 $5 {The English
suits Levon's creative and original style. It often leads to unexplored
positions and he doesn't mind going into uncharted territory. It is here that
he discovers many of his brilliant ideas.} g6 2. Nc3 c5 {The Symmetrical
English, a very solid way to play with Black.} 3. g3 Bg7 4. Bg2 Nc6 5. Nf3 {
Now Black has a wide range of choices.} d6 ({An alternative is} 5... Nf6 {
which after} 6. O-O O-O 7. d4 cxd4 8. Nxd4 {leads to a classical position of
the Open English. But the fashionable move nowadays is} Qa5 $5 {which tries to
disturb White's development.}) (5... e5 6. O-O d6 7. d3 Nge7 {The 'Botvinnik
Triangle' is one of the safest ways to fight against the English Opening.} 8.
a3 O-O 9. Rb1 a5 {and as soon as White plays Ne1 (preparing Nc2 and Ne3 to
control d5), Black quickly goes for ...Be6 and ...d5!}) (5... e6 6. O-O Nge7 7.
d3 O-O {followed by ...d5 or first ...b6-...Bb7.}) (5... Nh6 $5 {The knight
wants to go to f5 where it controls d4. But White can be original as well:} 6.
h4 $5 {followed by h5.}) 6. O-O e6 7. e3 {White takes the chance to play d4.}
Nge7 8. d4 O-O (8... cxd4 9. exd4 d5 {trying to fix the weakness on d4 and to
establish a piece on d5 is a typical reaction but Black is too far behind in
development for such measures. But White has to be keep this idea in mind.} 10.
cxd5 $1 exd5 {gives White a slight advantage.} (10... Nxd5 $2 11. Nxd5 Qxd5 12.
Ne5 $16) 11. Bg5 $14) 9. Re1 $5 {I like this move. It is very useful in case
Black tries to play ...cxd4 and ...d5.} (9. d5 $6 {is not good:} Na5 $1 {
hitting the c4-pawn, and entering a good Benoni after:} 10. Nd2 exd5 11. cxd5
Rb8 {with excellent play for Black.} 12. Nde4 a6 13. Rb1 b5 $36 {0-1 (40)
Hillarp Persson,T (2564)-Rodshtein, M (2671) Helsingor 2014}) 9... a6 (9...
cxd4 10. exd4 d5 {and 9.Re1 proves to be very useful! White has the initiative:
} 11. cxd5 Nxd5 12. Bg5 $1 $36 Qb6 {and now both Na4 and Qd2 give White a very
good and active position.} (12... f6 13. Bd2 $14) 13. Na4 $14 (13. Qd2 $5 $14))
10. Bd2 $5 Rb8 (10... cxd4 $6 {helps White.} 11. exd4 Nxd4 (11... d5 12. cxd5
Nxd5 13. Bg5 $1 {is similar to the lines arising after 9...cxd4.}) 12. Nxd4
Bxd4 13. Bh6 $1 Bg7 14. Bxg7 Kxg7 15. Qd2 $16) 11. Rc1 b6 {Both players
improve their positions. White can still not play d5 (because with a bishop on
d2 the white queen does not defend d5) and Black is not yet ready to play ...
cxd4 followed by ...d5.} 12. Ne2 e5 $5 (12... Bb7 13. Bc3 cxd4 14. Nexd4 (14.
exd4 {looks awkward and after} d5 $1 {Black should be fine.}) 14... Nxd4 15.
Bxd4 Bxd4 16. Qxd4 $14 {and White keeps a spatial advantage.}) 13. Bc3 (13. d5
Nb4 {forces White to part with his bishop.} 14. Bxb4 cxb4 $13 {with a complex
positional struggle - but Black looks fine.}) 13... h6 {A provocative move I
do not fully understand.} (13... b5 $5 {which starts play on the queenside was
more advisable.}) 14. d5 Nb4 15. Ra1 $1 {Threatening a3. One might think that
a5 is forced now, but we all know how Topalov works:} b5 $5 {An interesting
piece sacrifice that changes the direction of the game completely.} (15... a5 {
is too passive.} 16. a3 Na6 17. Nd2 {and White can slowly expand on the
queenside and has every reason to be happy.} b5 $2 {is probably always bad
because White now obtains an amazing outpost on c4 whereas the black knights
are horribly placed.} 18. cxb5 Rxb5 19. Nc4 $16 {with a tremendous position}) (
15... e4 {is no good either} 16. Bxg7 Kxg7 17. Nd2 Nd3 18. Rf1 b5 (18... Nxb2
$2 19. Qc2 Nd3 20. Nxe4 $16) 19. b3 $14 {and White is in the driver's seat.})
16. a3 bxc4 17. axb4 cxb4 18. Bd2 Nxd5 {Black has three pawns for the piece
and prospects on the queenside.} 19. Qc1 $1 {There is no easy way to defend c4.
} c3 (19... Be6 $5 20. Rxa6 c3 21. bxc3 b3 {Black has only one pawn for the
piece but it is not easy to control the b3-pawn.} 22. Qb1 (22. Qb2 $2 Nb6 $1
$17) 22... b2 $36) ({The natural} 19... Qc7 $2 {fails:} 20. Nxe5 $18 {now the
knight is hanging on d5.}) 20. bxc3 b3 21. Qb1 {White desperately needs to
activate his bishop on d2 and his knight on e2.} (21. Qb2 $5 {right away was
also possible.}) 21... Nf6 $1 {White was threatening to play c4.} 22. Qb2 (22.
c4 $2 b2 $19 {followed by ...Bf5.}) 22... Qc7 23. c4 $1 {White sacrifices
another pawn but gains space for his pieces.} Qxc4 24. Nc3 {Here I thought
White should be able to consolidate, get at least one pawn back and start
playing for a win. But things aren't so simple:} (24. Bc3 $5 {bringing the
knight over to d2, was another defensive setup:}) 24... Be6 25. Rec1 Nd7 $5 (
25... Rfc8 $5) 26. e4 (26. Ra4 $5) (26. Bf1 Qc6 $1 27. e4 Nc5 {forces the
black queen on to a more passive post but White still has problems to prove an
advantage.} 28. Be3 Nxe4 29. Rxa6 Qb7 $13) 26... Nc5 27. Bf1 Qb4 28. Be3 (28.
Bxa6 $2 Ra8 $1 29. Bf1 Nxe4 30. Nxe4 Qxe4 $17) 28... Rfc8 {Black is bringing
pieces to the queenside to consolidate and prepare the advance of the a-pawn.}
29. Nd2 (29. Bxa6 {was possible now:} Nxa6 30. Rxa6 Ra8 $1 31. Rxa8 Rxa8 32.
Nd2 f5 $5 $44) 29... a5 $1 30. Bxc5 {The natural reaction - White eliminates
the strong knight and stops the a-pawn.} Rxc5 31. Ra4 Qb7 32. Bc4 Qc6 $1 33.
Bd5 (33. Bxe6 $5 fxe6 {threatening ...Rxc3} 34. Raa1 Rc8 35. Ndb1 d5 $1 36.
exd5 exd5 37. Qxb3 e4 $132) 33... Bxd5 34. exd5 Qd7 35. Ra3 a4 $1 36. Nxa4 Rxd5
37. Nxb3 e4 38. Qa2 Qf5 $44 {A curious position - Black gave up his strong
passed pawns, but won White's pawn on d5. Black's d-pawn can become strong and
White has problems to coordinate his knights. Black has at least sufficient
compensation.} 39. Re1 Rdb5 40. Rc1 d5 41. Nac5 {I think Levon was playing for
a win here and rejects a number of solid options in the next moves.} (41. Nc3
$5 {bringing the knight over to the centre was another way to go.}) 41... d4
42. Ra7 (42. Ra8 $5 {was another way to control the risks - but in turn White
would have less winning chances.}) 42... d3 43. Rc7 $6 h5 $1 {With his pieces
in ideal positions Topalov now attacks on the kingside - the threat is h4-h3.}
44. Qa4 h4 45. Qxe4 $1 {White has no choice - he has to go on the defensive.}
Qxe4 46. Nxe4 Rxb3 47. gxh4 $2 {The decisive mistake.} (47. Rd7 $1 {was
necessary. After} h3 48. Rd1 $11 {White cannot take on d3 immediately but
after Kf1 a draw seems to be unavoidable.}) 47... Bh6 $1 {White is in trouble
now.} 48. Rf1 R3b4 49. f3 Rb2 50. Nf6+ (50. Rd7 Be3+ 51. Kh1 Rb1 52. Rxb1 Rxb1+
53. Kg2 d2 $1 54. Nxd2 Rb2 $19 (54... Rd1 $4 55. Ne4 $1 $11)) 50... Kg7 51. Ng4
d2 52. Rd7 (52. Nxh6 Kxh6 53. Rd7 Re8 $1 $19) 52... Re8 53. Nf2 Re1 {and White
resigned because he cannot stop ...Rb1.  This was Topalov's first win in
London. He finished with it and played a 2577 performance (which shows how
strong the tournament was - and anyone who criticises him should bear in mind
that 2600 is a grandmaster performance!). I guess it is always important to
finish the tournament with a win, and Topalov definitely was looking for one
in London. Aronian, on the other hand, had the better prospects in a very
complex position, and tried to push by keeping the tension in the end this did
not work out for him. I think we should thank the players for such a
delightful tournament (all rounds had at least one decisive result) and
congratulate Wesley So on a fantastic result: he won the London Chess Classic
2016 with 6.0/9 and a 2900+ performance! - let's see how he does in 2017!} 0-1

[Event "Metz op 31th"]
[Site "Metz"]
[Date "2013.04.23"]
[Round "5"]
[White "Wirig, Anthony"]
[Black "Dgebuadze, Alexandre"]
[Result "1/2-1/2"]
[WhiteElo "2481"]
[BlackElo "2515"]
[Annotator "Metz Alekhine/Primel,D"]
[PlyCount "101"]
[EventDate "2013.04.20"]
[EventType "swiss"]
[EventRounds "9"]
[EventCountry "FRA"]
[SourceTitle "EXT 2016"]
[Source "ChessBase"]
[SourceDate "2015.10.08"]
[SourceVersion "1"]
[SourceVersionDate "2015.10.08"]
[SourceQuality "1"]
[TimeControl "40/5400:1800+30"]
[WhiteClock "1:30:00"]
[BlackClock "1:30:00"]

1. Nf3 c5 2. c4 Nc6 3. g3 g6 4. Bg2 Bg7 5. Nc3 d6 6. d3 $5 (6. O-O {La ligne
principale mais les Blancs vont essayer de retarder le roque le plus longtemps
possible}) 6... Nh6 (6... e5) 7. h4 Bg4 8. Bd2 (8. Nd5 Qd7 9. Bd2 f6 10. Qc1
Nf7 {Turov,M (2667)-Predke,A (2454) Voronezh op 16th 2012 (7) 1-0}) (8. h5 $5
gxh5 9. Nd5 $44 {Grandelius,N (2515)-Mirumian,V (2506) Olomouc GM-A 2009 (3) 1/
2-1/2}) 8... Qd7 (8... f6 9. Qc1 Nf7) 9. Qc1 $146 (9. a3 Rc8 10. b4 b6 (10...
cxb4 11. axb4 Nxb4 12. Rxa7) 11. b5 $14 {Eljanov,V (2357)-Evdokimov,A (2555)
Politiken Cup 30th 2008 (6) 0-1}) 9... Ng8 10. Nd5 e6 11. Ne3 Bxf3 12. Bxf3 h5
$1 $11 {[%cal Gg7h6,Gg8h6]} 13. Bg2 Nge7 14. Rb1 {[%cal Ga2a3,Gb2b4] Le thème
classique dans cette structure pour gagner de l'espace à l'aile-dame} Rc8 15.
Qd1 {La Qc1 est assez mal placée} (15. a3 Nd4 16. b4 $14 cxb4 17. axb4 b5 {
[%cal Gc8c1]}) 15... Nd4 16. Nc2 Nxc2+ (16... O-O 17. Nxd4 cxd4 $11 {[%csl Re2]
}) 17. Qxc2 Nc6 $11 18. Qa4 b6 19. O-O Nd4 $1 20. Qxd7+ Kxd7 21. e3 Nc6 22. b4
(22. a3 {[%cal Gb2b4]}) 22... cxb4 23. Bxb4 Nxb4 24. Rxb4 Bc3 25. Rb3 Bf6 26.
Rfb1 Bd8 $1 {[%cal Gd8b6] Anticipe l'affaiblissement du P"b6"} 27. Ra3 a5 28.
Rab3 Rc5 29. Rb5 Rxb5 30. Rxb5 Bc7 {(=)} 31. Kf1 {[%cal Gf1e2,Ge2d2,Gd2c3,
Gc3b3,Gb3a4,Gb5b1,Ga4b5] Refuse la proposition mais l'avantage Blanc est très
minime} Rc8 32. Bb7 Rb8 33. Bg2 Rc8 34. Bb7 {Répète les coups pour gagner du
temps à la pendule avec l'incrément} Rb8 35. Bf3 Bd8 36. Bd1 {[%cal Gd1a4,
Ga4d7]} Kc7 37. Ke2 Be7 38. d4 Rd8 39. Kd3 e5 40. Bf3 (40. Ke4 {[%cal Ge4d5,
Gd4e5]} Bf6 41. Kd5 $14 {[%cal Gd1a4] Les Blancs ont un peu progressé} Re8 $1
{[%cal Ge5d4,Ge8e1]} 42. Bf3 (42. Ba4 exd4) 42... exd4 43. exd4 Re1) 40... f5
41. Bd5 $1 {[%csl Rg6][%cal Gd5f7]} Rf8 42. f4 $1 $14 {[%csl Rf5] La finale
est maintenant un peu meilleure pour les Blancs} exf4 43. exf4 Bf6 44. c5 $36
dxc5 45. dxc5 bxc5 46. Rxc5+ Kb6 47. Kc4 $16 {Les pièces Blanches sont
nettement plus actives} a4 48. Rc6+ Ka5 {[%csl Ra5]} (48... Ka7 49. Kb4 Rb8+
50. Kxa4 Rb6 51. Rc7+) 49. Be6 Bd8 50. Rc8 Rf6 51. Bd5 {Suite illisible et
nulle au 78ème coup} (51. Rxd8 $5 Rxe6 52. Kc5 {[%cal Gd8a8]} Ra6 {[%csl Ra5,
Ra6,Gc5,Gd8][%cal Gd8d6] Il fallait peut-être transposer en finale de R car
les Blancs gardent l'initiative} 53. a3 $36 {[%csl Rg6][%cal Gd8d6]}) 1/2-1/2

[Event "Metz op 31th"]
[Site "Metz"]
[Date "2013.07.25"]
[Round "8"]
[White "Donchenko, Alexander"]
[Black "Bedouin, Xavier"]
[Result "1-0"]
[WhiteElo "2428"]
[BlackElo "2387"]
[Annotator "Metz Alekhine/Primel,D"]
[PlyCount "71"]
[EventDate "2013.04.20"]
[EventType "swiss"]
[EventRounds "9"]
[EventCountry "FRA"]
[SourceTitle "EXT 2016"]
[Source "ChessBase"]
[SourceDate "2015.10.08"]
[SourceVersion "1"]
[SourceVersionDate "2015.10.08"]
[SourceQuality "1"]
[TimeControl "40/5400:1800+30"]
[WhiteClock "1:30:00"]
[BlackClock "1:30:00"]

1. c4 c5 2. g3 g6 3. Bg2 Bg7 4. Nc3 Nc6 5. Nf3 e6 6. d3 d5 {Un ordre de coups
assez rare et Nge7 a meilleure réputation} (6... Nge7 $142 7. O-O O-O 8. Bd2
d5 $11) 7. Bg5 $5 Nge7 8. Qc1 $146 (8. Rb1 h6 9. Bd2 {Hracek,Z (2628)
-Kovacevic,A (2563) EU-chT (Men) 18th 2011 (8.3) 1/2-1/2}) (8. O-O h6 9. Bd2 b6
{Matamoros Franco,C (2548)-Ftacnik,L (2532) Istanbul ol (Men) 40th 2012 (2.1)
0-1}) 8... h6 $6 {Les Noirs pourront difficilement roquer après ce coup} (8...
b6 {Plus souple} 9. a3 Bb7 10. Rb1 O-O 11. O-O (11. h4 $5)) 9. Bd2 b6 10. O-O
Bb7 11. Rb1 g5 12. a3 Rc8 13. h3 O-O 14. h4 f6 15. b4 cxb4 16. axb4 dxc4 17.
dxc4 Nf5 18. c5 {[%cal Gb1b7]} bxc5 19. bxc5 Qe7 20. hxg5 hxg5 21. g4 $1 $16 {
[%csl Rf5]} Nh6 (21... Nh4) 22. Nxg5 $1 Nf7 (22... fxg5 23. Bxg5 Qxc5 24. Bxh6)
23. Nxf7 Rxf7 24. Nb5 $36 Ba6 25. Nd6 Rff8 26. Nxc8 Rxc8 27. Bxc6 Rxc6 28. Rb8+
Kf7 29. Qb1 f5 30. gxf5 Rxc5 31. Qb4 Rxf5 32. Qxe7+ Kxe7 33. e4 Rf7 34. Rd1 Kf6
35. Bc3+ Kg5 36. Rg8 1-0